| 000 | 02243nam0a2200445 4500 | ||
|---|---|---|---|
| 001 | RU\NLR\bibl\1705666 | ||
| 005 | 20250616063203.0 | ||
| 010 | _a978-5-93972-798-3 | ||
| 021 |
_aRU _b2010-83034 _95536 |
||
| 035 | _a(nilc)RSL-KNO-004800060 | ||
| 035 | _a(LIBNET)LIBNET\0000037798 | ||
| 035 | _aLIBNET\0000037798 | ||
| 035 | _a(NLR Aleph) 001696718 | ||
| 090 |
_a1194695 _c1194695 |
||
| 100 | _a20100608d2010 |||y0rusy50 ca | ||
| 101 | 1 |
_arus _ceng |
|
| 102 | _aRU | ||
| 105 | _aa ||||||||| | ||
| 200 | 1 |
_aДискретная дифференциальная геометрия _eинтегрируемая структура _fА. И. Бобенко, Ю. Б. Сурис _gпер. с англ. В. Э. Адлера |
|
| 210 |
_aМосква _cИнститут компьютерных исследований _cR&C Dynamics _aИжевск _cНИЦ "Регулярная и хаотическая динамика" _cИжевский институт компьютерных исследований _d2010 |
||
| 215 |
_aXXV, 487 с. _cил. _d21 |
||
| 300 | _aЗагл. и авт. ориг.: Discrete Differential Geometry. Integrable Structure / Alexander I. Bobenko, Yuri B. Suris | ||
| 320 | _aБиблиогр.: с. 459-479 (251 назв.) | ||
| 454 | 0 |
_12001#$aDiscrete Differential Geometry. Integrable Structure$fAlexander I. Bobenko, Yuri B. Suris _1700#1$aBobenko$bA. I.$gAlexander$4070 _1701#1$aSuris$bY. B.$gYuri B$4070 _tDiscrete Differential Geometry. Integrable Structure _aBobenko, Alexander |
|
| 606 | 1 |
_aГеометрия дискретная _91384747 _3RU\NLR\auth\66268001 |
|
| 606 | 1 |
_aДифференциальная геометрия _91310178 _3RU\NLR\auth\66226754 |
|
| 686 |
_aВ181.22,0 _2rubbk |
||
| 686 |
_aВ181.23,0 _2rubbk |
||
| 686 |
_a22.161.1 _vLBC/PL _2rubbk |
||
| 686 | _aВ181.23 | ||
| 686 | _aВ181.22 | ||
| 700 | 1 |
_aБобенко _bА. И. _gАлександр Иванович _4070 |
|
| 701 | 1 |
_aСурис _bЮ. Б. _gЮрий Борисович _4070 |
|
| 801 | 0 |
_aRU _bНБР Удмуртия _c20100608 _grcr |
|
| 801 | 1 |
_aRU _bНБР Удмуртия _c20100608 |
|
| 801 | 1 |
_aRU _bРГБ _c20100608 |
|
| 801 | 2 |
_aRU _bNLR _c20101125 _grcr |
|
| 942 | _cBOOK | ||
| 980 | _aNB | ||